000 00818nam a2200277Ia 4500
003 GCL
008 140319s9999 xx 000 0 ara d
040 _aGCL /
_cGCL
082 0 4 _a330.1
_bم م
100 1 _aمحمد على الليثى
245 1 0 _aمقدمة فى الاقتصاد الجزئى /
_cمحمد على الليثى
700 1 _aمحمد محروس اسماعيل
260 _a[S.N] :
_bمؤسسة شباب الجامعة ،
_c1992
300 _a404 ص
490 _a
650 0 4 _aالاقتصاد الكلى
650 0 4 _aالاقتصاد
650 0 4 _aنظريات
650 0 4 _aالاحتكار
650 0 4 _aالاقتصاد الجزئى
650 0 4 _aالانتاج
650 0 4 _aالمنافسة
650 0 4 _aالاستهلاك
650 0 4 _aالسوق
942 _2ddc
_cBK
999 _c29731
_d29731